The story of maps
Gorde:
| Egile nagusia: | |
|---|---|
| Formatua: | Liburua |
| Hizkuntza: | ingelesa |
| Argitaratua: |
Nueva York
Dover
1977
|
| Gaiak: | |
| Etiketak: |
Etiketa erantsi
Etiketarik gabe, Izan zaitez lehena erregistro honi etiketa jartzen!
|
MARC
| LEADER | 00000nam a2200000 a 4500 | ||
|---|---|---|---|
| 001 | UCV9563 | ||
| 003 | CL-VaPUC | ||
| 008 | 921125e19770000US |||||||||||||||||eng|d | ||
| 082 | 0 | 4 | |a 912.09 |b BRO |2 21 |
| 100 | 0 | |a Brown, Lloy Arnold |e author |9 303586 | |
| 245 | 1 | 4 | |a The story of maps |
| 300 | |a 397 p | ||
| 942 | |c BK | ||
| 945 | |d 19921125 00:00:00 | ||
| 260 | |a Nueva York |b Dover |c 1977 | ||
| 650 | 7 | |a CARTOGRAFIA HISTORIA |2 CL-VaPUC |9 268358 | |
| 650 | 7 | |a MAPAS ANTIGUOS |2 CL-VaPUC |9 268359 | |
| 650 | 0 | |a Geografía antigua |9 266056 | |
| 583 | |a last modification |c 19921125 00:00:00 |k Rodrigo Vera | ||
| 999 | |c 214879 |d 214877 | ||
| 952 | |0 0 |1 0 |4 0 |6 912_090000000000000_BRO_1977 |7 0 |8 A |9 198692 |a BIBARQ |b BIBARQ |d 2019-11-14 |i 2660946 |o 912.09 BRO 1977 |p 2660946 |r 2025-01-20 |w 2019-11-14 |y BK |k ARQ | ||